000 00279nam a2200121Ia 4500
008 190216s9999||||xx |||||||||||||| ||und||
100 _aShakespere
245 4 _aThe Tempest
260 _bOxford University Press
_c1971
300 _a192p
650 _aEnglish Drama
942 _cBK
999 _c13274
_d13274